[Event "Hennebont Grand Prix"]
[Site "Hennebont"]
[Date "2006.08.06"]
[Round "4"]
[White "Lever, Pascal"]
[Black "Bougel, Claude"]
[Result "0-1"]
[WhiteElo "1499"]
[BlackElo "1883"]
[PlyCount "62"]
[EventDate "2006.08.05"]
[EventType "swiss"]
[EventRounds "7"]
[EventCountry "FRA"]
[SourceTitle "EXT 2007"]
[Source "ChessBase"]
[SourceDate "2006.11.23"]
[SourceVersion "1"]
[SourceVersionDate "2006.11.23"]
[SourceQuality "1"]

1. d4 Nf6 2. Nc3 e6 3. e4 Bb4 4. Bd2 Bxc3 5. Bxc3 Nxe4 6. Bb5 Nxc3 7. bxc3 c6 8. Bd3 Qa5 9. Ne2 d6 10. 0-0 Nd7 11. c4 Nf6 12. c3 0-0 13. Qc2 Re8 14. Nf4 Qg5 15. Ne2 e5 16. Ng3 g6 17. Rfe1 Bd7 18. Rab1 b6 19. a4 exd4 20. cxd4 Rxe1+ 21. Rxe1 Re8 22. Rxe8+ Bxe8 23. Be4 Bd7 24. f3 Qe3+ 25. Qf2 Qc1+ 26. Qf1 Qc3 27. d5 cxd5 28. cxd5 Qd4+ 29. Qf2 Qxa4 30. f4 Nxe4 31. Nxe4 Qxe4 0-1